| LEADER |
01380ngm0a2200265 450 |
| 001 |
16848110 |
| 100 |
|
|
|a 20121001d1997 u u0frey01 ba
|
| 101 |
1 |
|
|a ger
|c eng
|
| 102 |
|
|
|a US
|
| 200 |
0 |
|
|a Men in black
|f Barry Sonnenfeld, réal.
|g Lowell Cunningham, adapt. - Ed Solomon, scénario - Danny Elfman, comp. - Linda Fiorentino, Will Smith, Tommy Lee Jones, ... [et al.] act.
|
| 207 |
|
1 |
|a
|
| 210 |
|
|
|a France
|c Sony Pictures Home Entertainment
|d 1997
|
| 215 |
|
|
|a 1 DVD vidéo monoface zone 2 (1 h 34 min)
|c 16/9, coul. (PAL), son. (Dolby digital 5.1)
|
| 300 |
|
|
|a Langues principales : allemand, anglais, français; Sous-Titres : allemand, anglais, bulgare, danois, finnois, français, grec, hongrois, islandais, néerlandais, norvégien, polonais, suédois, tchèque, hébreu, hindi, turc, arabe
|
| 330 |
|
|
|a De la science-fiction inspirée d'une BD culte... Un film plein d'humour, débordant de trouvailles (looks délirants, décors, effets spéciaux...). Une bonne surprise !
|
| 700 |
|
0 |
|a Sonnenfeld
|b Barry
|4 370
|
| 702 |
|
0 |
|a Cunningham
|b Lowell
|4 100
|
| 702 |
|
0 |
|a Solomon
|b Ed
|4 690
|
| 702 |
|
0 |
|a Elfman
|b Danny
|4 230
|
| 702 |
|
0 |
|a Jones
|b Tommy Lee
|4 5
|
| 702 |
|
0 |
|a Smith
|b Will
|4 5
|
| 702 |
|
0 |
|a Fiorentino
|b Linda
|4 5
|
| 900 |
|
|
|a Film
|
| 901 |
|
|
|a Accessible au prêt
|
| 995 |
|
|
|a Bibliothèque
|c Bibliothèque
|f 00156009573601
|h 00156009573601
|k F SON
|o p
|q a
|r gd
|e Bibliothèque
|